| 000 | 00865nam a2200277 i 4500 | ||
|---|---|---|---|
| 001 | 13587 | ||
| 003 | ES-MaACL | ||
| 005 | 20240524095501.0 | ||
| 007 | t| | ||
| 008 | 930323s1990 sp ||||0| spa d | ||
| 016 | 7 | _zCEN920078276 | |
| 020 | _a84-7039-554-8 | ||
| 040 |
_aCEN _bspa _cCEN |
||
| 080 | _a860-14"19" | ||
| 100 | 1 |
_aAleixandre, Vicente, _d1898-1984 _919688 |
|
| 245 | 1 | 0 |
_aAmbito / _cVicente Aleixandre ; edición, introducción y notas de Alejandro Duque Amusco. |
| 260 |
_aMadrid : _bCastalia, _cD.L. 1990. |
||
| 300 |
_a263 p. : _bil. ; _c18 cm. |
||
| 490 | 1 |
_aClásicos Castalia ; _v175 |
|
| 500 | _aIndices. | ||
| 504 | _aBibliografía : p. 61-66. | ||
| 700 | 0 |
_aDuque Amusco, Alejandro, _d1949- _946152 |
|
| 830 | 0 |
_aClásicos Castalia ; _v175 _9178595 |
|
| 852 |
_aES-MaACL _jL-20981 _bR.126589 |
||
| 999 |
_c13587 _d13587 |
||